| 000 | 00753cam a22002413a 4500 | ||
|---|---|---|---|
| 001 | 19830 | ||
| 003 | PGUSA | ||
| 005 | 20140828083423.0 | ||
| 008 | 061116s2006||||xxu|||||s|||||000 1 eng d | ||
| 040 |
_aPGUSA _beng |
||
| 042 | _adc | ||
| 050 | 4 | _aBV | |
| 100 | 1 |
_aMoody, Dwight Lyman, _d1837-1899 |
|
| 245 | 1 | 0 |
_aMoody's Anecdotes And Illustrations : _bRelated in his Revival Work by the Great Evangelist _h[electronic resource] / _cDwight Lyman Moody |
| 260 |
_bProject Gutenberg, _c2006 |
||
| 506 | _aPublic domain in the USA. | ||
| 516 | _aElectronic text | ||
| 653 | _aChristian life -- Fiction | ||
| 653 | _aHomiletical illustrations | ||
| 830 | 0 |
_aProject Gutenberg _v19830 |
|
| 856 | 4 | 0 | _uhttp://www.gutenberg.org/ebooks/19830 |
| 942 | _cEB | ||
| 999 |
_c249085 _d249085 |
||